header

Understanding the public health implications of prisoner reentry in California (Record no. 141772)

MARC details
000 -LEADER
fixed length control field 01374nam a2200337 a 4500
082 04 - DEWEY DECIMAL CLASSIFICATION NUMBER
Classification number 365/.6087409794
245 00 - TITLE STATEMENT
Title Understanding the public health implications of prisoner reentry in California
260 ## - PUBLICATION, DISTRIBUTION, ETC. (IMPRINT)
Place of publication Santa Monica, Calif. :
Name of publisher RAND,
Year of publication 2011.
300 ## - PHYSICAL DESCRIPTION
Number of Pages xl, 210 p.
650 #0 - SUBJECT ADDED ENTRY--TOPICAL TERM
Topical Term Criminals
Topical Term Medically uninsured persons
700 1# - ADDED ENTRY--PERSONAL NAME
Personal name Davis, Lois M.
856 40 - ELECTRONIC LOCATION AND ACCESS
Uniform Resource Identifier http://site.ebrary.com/lib/rucke/Doc?id=10520595

No items available.

© 2026 Rongo University
Contact us: librarian | system librarian | Rongo university